000 00384nam a22001697a 4500
005 20160627161543.0
008 160627b xxu||||| |||| 00| 0 eng d
020 _a0-471-54517-1
041 _aeng
082 _b10672
100 _aWilkie, William L
_92989
245 _aConsumer Behavior
260 _bJohnwily & sons
300 _a611
650 _aManagement
_9241
942 _cBK
999 _c4323
_d4322